Score 0/30 Timer 03:00
1 Play Today
Question Answer % Correct
Cape of Good Hope can be found in this countrySouth Africa
91.1%
The large desert in North Africa is called...Sahara
91%
This is the longest river on the continent...Nile
90.3%
This country hosted the 2010 WC SoccerSouth Africa
89.8%
This body of water borders the entire west coast of AfricaAtlantic
88.9%
The capital of Egypt is...Cairo
87%
The largest island of Africa is...Madagascar
86%
What is the biggest country of Africa?Algeria
85.7%
Marrakesh and Casablanca are cities in this country...Morocco
83.8%
Name a country whose flag contains exactly two colorsNigeria
83.7%
The African country with most inhabitants is...Nigeria
83.5%
What country has Tripoli as capital?Libya
81.7%
The highest mountain of Africa is...Kilimanjaro
81.6%
Which lies in the country...Tanzania
79.5%
This sea lies to the east of EgyptRed Sea
77%
Question Answer % Correct
Name an African kingdomMorocco
76%
This is the largest lake of AfricaLake Victoria
72.5%
The most southern desert of Africa is...Kalahari
71.2%
Directly south of Angola is the country...Namibia
70.9%
Nama an island state besides MadagascarMauritius
70.9%
The city of Dakar can be found in...Senegal
69.9%
The capital of Kenya is...Nairobi
67.6%
Name a country that belongs to 'the Horn of Africa'Ethopia
62.4%
The city of Timboctou can be found in...Mali
60.8%
Now this country is called DR Congo, formerly it was named...Zaire
59.1%
This country was founded and colonized by American slaves...Liberia
57.9%
Name a Portugese colony in AfricaMozambique
54.8%
The official language of Tanzania (and Kenya) is...Swahili
52.7%
Africa officially contains this number of independent states54
52.5%
The capital of Burundi is...Bujumbura
31.7%
Come Together.
Have Fun.
All Virtual.
We all need to come together. Play Sporcle's virtual live trivia to have fun, connect with people, and get your trivia on. Join a live hosted trivia game for your favorite pub trivia experience done virtually. If a virtual private party is more your thing, go here for details.

You're not logged in!

Compare scores with friends on all Sporcle quizzes.
OR
Log In

Sporcle TV

Today on Sporcle TV


Watch our educational content, quiz creation guides, and fun videos on Sporcle TV.

Show Comments

Extras

Top Quizzes Today


Score Distribution

Paid Content

Your Account Isn't Verified!

In order to create a playlist on Sporcle, you need to verify the email address you used during registration. Go to your Sporcle Settings to finish the process.

Report this User

Report this user for behavior that violates our Community Guidelines.

Details: